|
|
|
|
| LEADER |
00000nam a22000007a 4500 |
| 005 |
20171031174857.0 |
| 007 |
cr|||| |||| |
| 008 |
171031s 201 mx |||||s|||| 00||0 spa d |
| 020 |
|
|
|a 978-607-401-512-6
|
| 035 |
|
|
|a 20797
|
| 040 |
|
|
|a vLex
|
| 090 |
|
|
|c 7176
|d 7176
|
| 100 |
1 |
|
|a Pichardo Pagaza, Ignacio
|
| 245 |
1 |
2 |
|a El camino de Mx̌ico
|h [Recurso electrn̤ico] :
|b una revolucin̤ por la educacin̤ y los valores /
|c Ignacio Pichardo Pagaza
|
| 256 |
|
|
|a Servicio en ln̕ea
|
| 260 |
|
|
|a Ciudad de Mx̌ico:
|b Cm̀ara de Diputados,
|c 2011
|
| 300 |
|
|
|a 1 recurso electrn̤ico (142p.)
|
| 506 |
1 |
|
|a Disponible solo en los productos indicados
|d vLex Global
|d vLex Global (Academic Edition, excluding Law Schools)
|d vLex Global (U.S. Academic Edition, Law Schools)
|d vLex Global (U.S. Academic Edition, excluding Law Schools)
|d vLex Global (Academic Edition, Law Schools)
|
| 650 |
0 |
4 |
|a Ciencias sociales
|z Mx̌ico
|
| 740 |
0 |
|
|a vLex Libros (Servicio en ln̕ea)
|
| 856 |
4 |
0 |
|u http://vlex.com/source/camino-mexico-revolucion-educacion-valores-20797
|z Acceso restringido
|
| 942 |
|
|
|c BOOK
|
| 999 |
0 |
|
|a Social sciences
|